000 01199cam a2200205 4500
001 ##ABS66364
008 030130n2003 000 0 eng u
035 _a(Sirsi) u121179
041 0 _aeng
100 1 _aWilletts, G.
245 0 0 _aTake up protocol gauntlet
260 _c2003
490 _aEstates Gazette
_v(0301) 4 January 2003, 59(1)
520 _aReviews the requirements set out in the Society of Construction Law "Pre-action protocol for terminal dilapidations claims for damages", which has raised concerns that surveyors may not be able to meet its guidelines. Argues that there should not be a lack of s18 valuers available, as all surveyors should have the necessary skills to carry out this type of valuation. Landlord and Tenant Act 1927 s18 deals with diminution in value and emphasises these issues should be addressed at an early stage of a dispute to give all parties the chance to negotiate a settlement.
590 _aABS
650 2 4 _aLANDLORD AND TENANT ACT 1927 S18
650 2 4 _aSOCIETY OF CONSTRUCTION LAW PRE-ACTION PROTOCOL FOR TERMINAL DILAPIDATIONS CLAIMS FOR DAMAGES
690 _aPROPERTY-LEASEHOLD PROPERTY-LANDLORD AND TENANT-DILAPIDATIONS
942 _n0
999 _c72006
_d72006